Wycieczka po świecie - Statystyki

Ogólne statystyki
  • Ten quiz został rozwiązany 392 razy
  • Średni wynik to 23 z 48
Statystyki odpowiedzi
Hint Odpowiedź % Poprawnych
Początek Polska
100%
południowy wschód Ukraina
96%
południe Mołdawia
83%
zachód Rumunia
81%
południe Bułgaria
78%
południe Grecja
73%
wschód Turcja
73%
południowy zachód Macedonia
72%
południe Syria
68%
południe Jordania
64%
południowy zachód Egipt
63%
zachód Izrael
63%
południe Sudan
61%
zachód Czad
60%
południe Republika Środkowoafrykańska
57%
południe Demokratyczna Republika Konga
56%
południe Tanzania
56%
wschód Uganda
56%
wschód Kenia
55%
wschód Madagaskar
44%
wschód Australia
37%
północ Chiny
36%
zachód Indie
36%
zachód Indonezja
36%
północ Malezja
36%
północ Mjanma
36%
północny wschód Nepal
36%
północ Papua Nowa Gwinea
36%
północ Tajlandia
36%
zachód Bangladesz
35%
wschód Japonia
35%
północny wschód Kanada
34%
południe Meksyk
34%
południe USA
34%
południe Argentyna
33%
zachód Chile
33%
południowy zachód Ekwador
33%
południe Gwatemala
33%
wschód Honduras
33%
wschód Kolumbia
33%
wschód Panama
33%
wschód Boliwia
32%
południe Kostaryka
32%
południe Nikaragua
32%
połódniowy wschód Paragwaj
32%
południe Peru
32%
południe Arktyka
24%
południe Mozambki
16%
Nie znaleziono quizów pasujących do podanych kryteriów
Rozkład punktacji
Procent ludzi z każdym wynikiem
Percentyl według liczby udzielonych odpowiedzi
Twoja historia wyników
Nie rozwiązałeś tego quizu